000 00654nam a2200229Ia 4500
008 160319s9999 xx 000 0 und d
050 _aFIL HF 5547.5
050 _b.D48 2004 c.1
100 _aDe Vera, Nimfa D.
245 _aOffice procedures :
245 _ba practical guide for business teachers and students and office professionals /
245 _cNimfa D. De Vera.
260 _aManila:
260 _bConan Book Stores,
260 _c2004
300 _a175 pages :
300 _billustrations ;
300 _c26 cm.
500 _aIncludes bibliographical references.
650 _aOffice practice.
650 _xOffice etiquette.
999 _c291700
_d291700